000 00861caa a22002417a 4500
999 _c408588
_d408588
001 135316
003 UA-OsUOA
005 20200211150054.0
007 ta
008 20190118b un ||||| |||| 00| 0 ukr d
040 _aUA-OsUOA
_bukr
_cUA-OsUOA
_dUA-OsUOA
041 _aukr
080 _a908
090 _a908
_bЗ-13
100 _aЗавадська О.
245 _aШтрихи до історії Острозького краєзнавчого музею в період з 1919 по 1922 рр.
_cО. Завадська
300 _aС. 36–44
650 7 _a908 Краєзнавство
_2UDC
773 0 _0322047
_9342612
_dОстрог 2004
_o89421
_tСтуденські наукові записки
_w(UA-OsUOA) 35697
_z9667631494
942 _cBKA
_2udc
955 _a1